000 00571cam a2200193 a 4500
001 3987299
005 20250509123656.0
008 950531s1995 enka b 000 0 eng
020 _a0201627442
050 0 0 _aHF5415.13
_b.M69 1995
082 0 0 _a658.8
_220
100 1 _aMoutinho, Luiz.
245 1 0 _aCases in marketing management /
_cLuiz Moutinho.
250 _a2nd ed.
260 _aWokingham, England ;
_aReading, Mass. :
_bAddison-Wesley,
_cc1995.
300 _axii, 390 p. :
_bill. ;
_c24 cm.
650 0 _aMarketing
_xManagement
_vCase studies.
942 _2lcc
_cBK
_n0
999 _c5716
_d5716